00798nam a2200241 a 450000100060000000300080000600500170001400800410003102000220007203500190009404000270011304100080014008200260014810000230017424501330019725000120033026000470034230000330038965000400042270000220046270000230048483000490050768245BD-RjUL20211209081739.0170401s1983 ilua 000 0 eng  a0870943278 (pbk.) a(BD-RjUL)68455 aDLCcDLCdBD-RjULbeng aeng00a005.133223bCOP 19831 aCouger, J. Daniel.10aPersonal learning aid for FORTRAN :ba simplified approach /cJ. Daniel Couger, Loren E. Shannon ; revised by Charles B. Drebes. a3rd ed. aHomewood, Ill. :bDow Jones-Irwin,cc1983. axi, 201 p. :bill. ;c26 cm. 0aFORTRAN (Computer program language)1 aShannon, Loren E.1 aDrebes, Charles B. aDow Jones-Irwin personal learning aid series